00349nam a2200145Ia 4500003000400000005001700004008004000021040000700061041000800068082001200076100001700088245004700105260004300152300000800195OSt20230323093649.0210210b1914 xxu||||| |||| 00| 0 eng d cAL aeng a543/122 aMELLOR (J W) aIntroduction to modern inorganic chemistry aLondonbLongman Green & Co Ltd.,c1914 a684